1625 1943 1789 1338 1891 1298 1404 1661 1208 1131 1208 1168 1171 1834 1425 1159 1678 1782 1019 1303 1553 1176 1850 1160 1322 1502 1924 1901 1040 1178 1777 1517 1440 1922 1418 1369 1826 1930 1383 1734 1382 1235 1908 1400 1871 1414 1916 1101 1229 1816 1247 1619 1731 1749 1638 1818 1719 1325 1189 1574 1303 1707 1919 1576 1832 1795 1577 1153 1961 1421 1385 1619 1293 1731 1670 1542 1293 1192 1057 1358 1160 1970 1566 1044 1025 1125 1705 1515 1687 1480 1551 1330 1270 1054 1290 1218 1566 1187 1310 BCNSPRNW ULIB Ver.6.0+V

เปลี่ยนเป็นภาษาไทย

Change to English
 แสดงรายละเอียดบรรณานุกรม
  กลับหน้าหลัก

Brief Record : Get Marc (ISO 2709) : E-mail record : QR code < ปิดหน้าต่าง
LEADER : 00000nam 2200000uu 4500
001    13399111226
003     ULIB
008    110620s2001||||th 000 0 eng d
020    0721728142
024    9780781728140
060 04 WY106^bH942c 2001
100 1   Hunt, Roberta
245 10 Community-based nursing /^cRoberta Hunt
250    2nd ed.
260    Philadelphia :^bLippincott ^c2001
300    xviii, 397 p. :^bill.
650  2 Community Health Nursing
650  2 Public Health Nursing
945    ^p1500^l0^i014737
995    kesorn
999 ^a ใช้งานได้ทุกระบบ
รายการนี้ยังไม่มีแท็ก
คุณยังไม่ได้ล็อกอิน คุณสามารถมีกิจกรรมร่วมกับเว็บไซต์ได้ แต่ต้องล็อกอินก่อน ::
  ล็อกอิน

รายการสื่อสารสนเทศ

ลำดับที่ ประเภท เลขเรียก/บาร์โค้ด สถานที่ สถานะ
- ไม่พบข้อมูล -

รายการใกล้เคียง
    ผู้แต่ง [Hunt, Roberta]

    หัวเรื่อง [Community Health Nursing]
    หัวเรื่อง [Public Health Nursing]

BibComment


ยังไม่เคยถูกคอมเมนท์

คอมเมนท์ทรัพยากรรายการนี้
  คอมเมนท์: Communitybased nu..


 Copyright 2026. Bcnsprnw @Library